000 00924nam a22003137a 4500
001 BR2013000508
003 BR-BrBNA
005 20230928104117.0
007 ta
008 230509b bl.||||| |||| 00| 0 por d
040 _aBR-BrBNA
_bpor
_cBiblioteca Nacional de Agricultura
041 _a(Por)
072 _aL73
_b5400
090 _ 5400 BR2013000508
100 1 _aMantovani, M.M.
110 1 _aUniversidade Federal de Lavras, MG (Brasil)
_0Tese (Mestrado)
245 1 _aSpeckle tracking bidimensional em cães com dgeneração mixomatosa valvar mitral
260 3 _aLavras, MG (Brasil):
_c2012.
300 _a65 p.
500 _aSummaries (Eng, Por); Several bibliography; 8 illus.; 6 tables
650 _aCÃO
650 _aMIXOMATOSE
650 _aCORAÇÃO
650 _aCARDIOPATIA
650 _aRADIOGRAFIA
650 _aPRESSÃO ARTERIAL
909 _a202309
_bLucia
_c55
_dLucia Elande
942 _cBK
999 _c78175
_d78175